|
|
|
|
| LEADER |
00000nab a2200000 4500 |
| 001 |
vtls011918306 |
| 003 |
SK-MaSNL |
| 005 |
20260318124541.0 |
| 008 |
200218|2019 xo |||| || ||00 0|hun |
| 015 |
|
|
|a SNBR2020/02
|
| 040 |
|
|
|a DSZK
|b slo
|d DSZK
|e rda
|
| 041 |
|
|
|a hun
|a slo
|
| 043 |
|
|
|a e-xo---
|
| 044 |
|
|
|a xo
|c SK
|
| 072 |
|
7 |
|a 796
|x Šport. Hry. Telesné cvičenia
|2 konspekt
|
| 080 |
|
|
|a 796.386
|x (437.612)
|2 2011
|
| 100 |
1 |
|
|a Simon, Attila
|4 aut
|9 351116
|
| 245 |
1 |
0 |
|a Legifjabb asztaliteniszezőink évzárója
|c Simon Attila
|
| 300 |
|
|
|b Fotografie
|
| 336 |
|
|
|a text
|b txt
|2 rdacontent
|
| 337 |
|
|
|a bez média
|b n
|2 rdamedia
|
| 338 |
|
|
|a zväzok
|b nc
|2 rdacarrier
|
| 546 |
|
|
|a Súbežný názov a text v slovenčine
|
| 610 |
2 |
7 |
|a Stolnotenisový klub (Orechová Potôň, Slovensko)
|2 dszk
|9 1249721
|
| 650 |
0 |
7 |
|a žiaci
|2 SNKPH
|9 16621
|
| 650 |
0 |
7 |
|a výročné schôdze
|2 dszk
|9 520607
|
| 651 |
|
7 |
|a Orechová Potôň (Slovensko)
|2 SNKPHgeo
|9 75051
|
| 773 |
0 |
|
|t Diósförgepatonyi Hírlap = Noviny Orechová Potôň
|g Évf. V, sz. 1 (2019), o. 10-11
|x 2453-7241
|
| 958 |
|
|
|a SK
|
| 958 |
|
|
|a HU
|
| 958 |
|
|
|a RG
|
| 999 |
|
|
|c 2217721
|d 2219651
|